书目信息 |
| 题名: |
中国相声精粹
|
|
| 作者: | 吴文科 选编 | |
| 分册: | ||
| 出版信息: | 北京 同心出版社 1996 |
|
| 页数: | 542页 | |
| 开本: | 20cm | |
| 丛书名: | ||
| 单 册: | ||
| 中图分类: | I239.77 , I239.7 | |
| 科图分类: | ||
| 主题词: | 相声--中国--现代--选集 , 相声 | |
| 电子资源: | ||
| ISBN: | 7-80593-182-8 | |
| 000 | 00623nam0 2200229 450 | |
| 001 | 1549644910 | |
| 005 | 20150122135058.96 | |
| 010 | @a7-80593-182-8@dCNY21.00 | |
| 100 | @a19971030d1996 em y0chiy0110 ea | |
| 101 | 0 | @achi |
| 102 | @aCN@b110000 | |
| 105 | @ay z 000by | |
| 200 | 1 | @a中国相声精粹@9zhong guo xiang sheng jing cui@f吴文科选编 |
| 210 | @a北京@c同心出版社@d1996 | |
| 215 | @a542页@d20cm | |
| 606 | 0 | @a相声@y中国@z现代@x选集 |
| 606 | 0 | @a相声 |
| 690 | @aI239.77@v5 | |
| 690 | @aI239.7@v4 | |
| 701 | 0 | @a吴文科@9wu wen ke@f(1963.3~)@4选编 |
| 801 | 0 | @aCN@bTSSF@c20150122 |
| 905 | @aZUCC@dI239.7@eJY52 | |
| 中国相声精粹/吴文科选编.-北京:同心出版社,1996 |
| 542页;20cm |
| ISBN 7-80593-182-8:CNY21.00 |
| ● |
| 相关链接 |
|
|
|
|
正题名:中国相声精粹
索取号:I239.7/JY52
 
预约/预借
| 序号 | 登录号 | 条形码 | 馆藏地/架位号 | 状态 | 备注 |
| 1 | 7844095 | 278440956 | 学院路分馆/ [索取号:I239.7/JY52] | 在馆 | |
| 2 | 7844096 | 278440965 | 学院路分馆/ [索取号:I239.7/JY52] | 在馆 | |
| 3 | 7844097 | 278440974 | 学院路分馆/ [索取号:I239.7/JY52] | 在馆 |